Cẩm nang nội trợ món ăn bình dân

Đã lưu trong:
书目详细资料
主要作者: Thu Cúc
格式: 图书
语言:Undetermined
出版: Thành phố Hồ Chí Minh Tổng hợp Thành phố Hồ Chí Minh 2003
主题:
标签: 添加标签
没有标签, 成为第一个标记此记录!
Thư viện lưu trữ: Trung tâm Học liệu Trường Đại học Cần Thơ
LEADER 00607nam a2200205Ia 4500
001 CTU_64118
008 210402s9999 xx 000 0 und d
020 |b 9000 
082 |a 641.5 
082 |b Th500 
100 |a Thu Cúc 
245 0 |a Cẩm nang nội trợ món ăn bình dân 
245 0 |c Thu Cúc 
260 |a Thành phố Hồ Chí Minh 
260 |b Tổng hợp Thành phố Hồ Chí Minh 
260 |c 2003 
650 |a Cookery, vietnamese,Home economics 
904 |a TUYẾN 
910 |a Năm 
980 |a Trung tâm Học liệu Trường Đại học Cần Thơ